Misdaad, Verweer en Straf / (Record no. 553)
[ view plain ]
| 000 -LEADER | |
|---|---|
| fixed length control field | 00543nam a22001697a 4500 |
| 005 - DATE AND TIME OF INPUT | |
| control field | 20231113094813.0 |
| 008 - DATA ELEMENTS--GENERAL INFORMATION | |
| fixed length control field | 231113b |||||||| |||| 00| 0 eng d |
| 020 ## - INTERNATIONAL STANDARD BOOK NUMBER | |
| International Standard Book Number | 0409060992 |
| 041 ## - LANGUAGE CODE | |
| Language code of text | Afrikaans |
| 082 ## - SHELF NUMBER | |
| DDC number | 345.5 VER |
| 100 ## - MAIN AUTHOR | |
| Main author's name | Verschoor, T en Alberts, RW |
| Language of a work | Afrikaans |
| 245 ## - TITLE STATEMENT | |
| Title | Misdaad, Verweer en Straf / |
| Statement of responsibility, etc. | T Verschoor en RW Alberts |
| 260 ## - PUBLICATION, DISTRIBUTION, ETC. | |
| Place of publication, distribution, etc. | Durban : |
| Name of publisher, distributor, etc. | Butterworth-Uitgewers (Edms) Bpk, |
| Date of publication, distribution, etc. | 1986 |
| 300 ## - PHYSICAL DESCRIPTION | |
| Other physical details | xxxix, 246 pages ; |
| Dimensions | 26 cm. |
| 650 ## - SUBJECT` | |
| Broad subject | Legal practice |
| Own subject terms | Law |
| 942 ## - ADDED ENTRY ELEMENTS (KOHA) | |
| Item type | Books |
| 942 ## - ADDED ENTRY ELEMENTS (KOHA) | |
| -- | ALISON_BN_VRIES |
| Source of classification or shelving scheme | Not for loan | Collection code | Home library | Current library | Shelving location | Date acquired | Full call number | Barcode | Price effective from | Koha item type |
|---|---|---|---|---|---|---|---|---|---|---|
| Dewey Decimal Classification | TEXT BOOKS | LAW SOCIETY OF NAMIBIA LIBRARY - WINDHOEK | LAW SOCIETY OF NAMIBIA LIBRARY - WINDHOEK | Criminal law and procedures | 11/13/2023 | 345.5 VER | LSN/1987/297 | 11/13/2023 | Books |
